Регионална библиотека "Любен Каравелов" - Русе

Основи на физикалната терапия (Запис номер 57281)

MARC детайли
000 -Лидер
Контролно поле с фиксирана дължина 01496nam a2200313 c 4500
003 - Код на организацията, давaща контролен номер
Контролно поле BLK
005 - Дата и час на последна редакция
Контролно поле 20220628105637.0
008 - Елементи от данни с фиксирана дължина
fixed length control field 180408b bul|||||r ||||||| ||bul||
010 ## - Наследен системен номер
LC control number KNG00061276000
040 ## - Източник на каталожния запис
Идентификатор на билиотеката - собственик на записа BLK
041 ## - Код за език
Код за езика на текст/звукозапис или на отделно заглавие Български
Код за езика КДБФ Български
080 ## - УДК
Текстов определител УДК Физиотерапия. Механично действащи средства. Радиотерапия и др. нелекарствени терапевтични средства и методи
УДК код - определител по УДК 615.8
УДК определител (035)
УДК - код + определител 615.8(035)
100 1# - Редна дума - Автор
Автор Ангелов, Никола
Авторска отговорност първи автор
R(LIN) 267767
139 ## - Редно поле
Редна дума Основи на физикалната терапия
Авторски знак Осн - О 83
245 10 - Сведения за заглавието
Заглавие Основи на физикалната терапия
Подзаглавни данни Ръководство
Редно поле (дума) Никола Ангелов; ред. Йорданка Гачева; ред. Димитър Костадинов.
257 ## - Страна на издаване
Страна на създаване/издаване България
260 ## - Област на издателските данни
Място на издаване, разпространение и проч. София
Име на издателя, разпространителя и проч. Медицина и физкултура
Година на издаване 1971
Печатница Пловдив : Д. Благоев
300 ## - Физическа характеристика
Страници 503 с.
Илюстрации и др. с ил., табл.
Размери/Мащаб 22 см
380 ## - Жанр
Жанр Медицина
500 ## - Общи забележки
Забележка Библиогр. след всяка глава
650 #4 - Допълнително описание по предмет – тема
Основно описание – тема или топоним Физиотерапия
9 (RLIN) 175321
653 #7 - Ключова дума – ненормативна
9 (RLIN) 199276
Ключова дума физикална терапия
700 1# - Други автори (авторска отговорност)
Лично име Гачева, Йорданка
Автороска отговорност (Описва отношението между автора и произведението) ред.
9 (RLIN) 287494
700 1# - Други автори (авторска отговорност)
Лично име Костадинов, Димитър
Автороска отговорност (Описва отношението между автора и произведението) ред.
Друга информация Георгиев, Димитър Костадинов
9 (RLIN) 365184
852 ## - Местоположение
Форматна сигнатура Цб 59657
Фондова буква Хранилище
856 4# - Електронен адрес и достъп
Електронен формат pdf - файл
856 4# - Електронен адрес и достъп
Електронен формат pdf - файл
999 ## - СИСТЕМНИ КОНТРОЛНИ НОМЕРА
Koha biblionumber 57281
Koha biblioitemnumber 57281
942 ## - АРТИКУЛИ
Вид на библиотечния материал Книги
Скрит в OPAC Не
Периодичен библиозапис Да
944 ## - СЪЗДАВАНЕ И РЕДАКЦИЯ на ЗАПИСА
Създаване/Редакция Създаване
Дата на регистрацията/редакция 13.06.2004
Служител, извършил регистрацията/редакцията Читалня
944 ## - СЪЗДАВАНЕ И РЕДАКЦИЯ на ЗАПИСА
Създаване/Редакция Редакция
Дата на регистрацията/редакция 02.09.2015
Служител, извършил регистрацията/редакцията Геновева_Генчева
944 ## - СЪЗДАВАНЕ И РЕДАКЦИЯ на ЗАПИСА
Създаване/Редакция Редакция
Дата на регистрацията/редакция 2022-06-28
Служител, извършил регистрацията/редакцията Христина Везирева
999 ## - СИСТЕМНИ КОНТРОЛНИ НОМЕРА
Koha biblioitemnumber 57281
Наличности
Код за отписване Код за изгубен артикул Източник на класификационната схема Код за повреда Коз за рестрикции Код за отдаване Артикулен № Име на библиотеката - собственик Име на библиотеката, в която се намира в момента Статус (Текущо местоположение) Дата на вписване в системата Местоположение - отдел Цена в лева Инвентарен номер Систематично азбучна сигнатура Баркод Номер на екземпляра Цена в евро Служебна бележка Служебен тип на артикула
Изтеглен Не е изгубен Universal Decimal Classification Не е повреден без рестрикции ползва се в читалня 92499 Регионална библиотека "Любен Каравелов" Русе Регионална библиотека "Любен Каравелов" Русе Читалня 1993-01-01 Читалня 3.27 100788 Ч 615/О 83 100788 1 1.67 Дата инв: 17.03.2017 Бележки инв: Ч2017 Книги
Изтеглен Не е изгубен Universal Decimal Classification Не е повреден без рестрикции заемане за дома 92500 Регионална библиотека "Любен Каравелов" Русе Регионална библиотека "Любен Каравелов" Русе Заемна - подръчен фонд 1971-01-01 Заемна - подръчен фонд 3.27 100787 П 615.8/О 83 100787 2 1.67 Дост: Pk Вид: Ф N: стар фонд Дата: 01.01.1971 Книги
  Не е изгубен Universal Decimal Classification Не е повреден без рестрикции ползва се в читалня 92501 Регионална библиотека "Любен Каравелов" Русе Регионална библиотека "Любен Каравелов" Русе Хранилище 1971-01-01 Хранилище 3.27 100664 Цб 59657 120000100664 3 1.67 Дост: Dp Вид: Д N: стар фонд Дата: 01.01.1971 Книги
Vip Innovations Ltd, Rousse, Bulgaria 2025